LEADER 01761nam 2200421Ia 450 001 996396711503316 005 20221108052420.0 035 $a(CKB)4330000000334005 035 $a(EEBO)2248514059 035 $a(OCoLC)12951588 035 $a(EXLCZ)994330000000334005 100 $a19851223d1653 uy | 101 0 $aeng 135 $aurbn||||a|bb| 200 12$aA sermon preached to the Right Honourable the Lord Mayor, and Court of Aldermen of the city of London, at their anniversary meeting on Easter Monday April 1652, at the Spittle$b[electronic resource] $ewherein the unity of the saints with Christ, the head, and especially with the church, the body, with the duties thence arising, are endeavoured to be cleared : tending to heale our rents and divisions /$fby Stephen Marshal .. 205 $aThe second impression, corrected by the authour. 210 $aLondon $cPrinted by R.I. for Stephen Bowtel ...$d1653 215 $a[4], 40 p 300 $aMarginal notes. 300 $aReproduction of original in Huntington Library. 330 $aeebo-0113 606 $aSchism$vSermons 606 $aCommunion of saints$vSermons 606 $aChristian union$vSermons 606 $aSermons, English$y17th century 615 0$aSchism 615 0$aCommunion of saints 615 0$aChristian union 615 0$aSermons, English 700 $aMarshall$b Stephen$f1594?-1655.$01001459 801 0$bEAA 801 1$bEAA 801 2$bm/c 801 2$bWaOLN 906 $aBOOK 912 $a996396711503316 996 $aA sermon preached to the Right Honourable the Lord Mayor, and Court of Aldermen of the city of London, at their anniversary meeting on Easter Monday April 1652, at the Spittle$92334637 997 $aUNISA